LEADER 01561nam a2200253 i 4500 001 000000010511 003 CaOOAMICUS 005 20180830125440.0 008 180830s1975 it u000 u ita u 040 $aSeMil$bita 100 1 $aMorstabilini, Luigi .$0(OLS)http://semarc/name/5124 245 13$aIl cammino post-conciliare di una Chiesa locale /$cLuigi Morstabilini. 260 $a[Italia :$bs.n.],$c1975-1979. 300 $av. ;$c24 cm. 500 $aFondo Card. C.M. Martini. 650 4$aBrescia (Diocesi) - Storia.$0(OLS)http://semarc/subject/1674 774 0 $aMorstabilini, Luigi $tRiflessioni suggerite dalla Visita Pastorale alla Chiesa bresciana.$dBrescia : Tipografia S. Eustacchio, 1975.$w()120282 774 0 $aMorstabilini, Luigi $tRiflessioni suggerite dalla Visita Pastorale alla Chiesa bresciana.$dBrescia : Tipografia S. Eustacchio, [1976?]$w()120283 774 0 $aMorstabilini, Luigi $tRiflessioni suggerite dalla Visita Pastorale alla Chiesa bresciana.$w()120284 774 0 $aMorstabilini, Luigi $tRiflessioni suggerite dalla Visita Pastorale alla Chiesa bresciana.$dBrescia : Tipografia S. Eustacchio, [1978?]$w()120285 774 0 $aMorstabilini, Luigi $tRiflessioni suggerite dalla Visita Pastorale e dall'«Anno Sinodale» della Chiesa bresciana.$dBrescia : Tipografia S. Eustacchio, 1979.$w()120286 941 1 $a4 996 $6245$aIl cammino post-conciliare di una Chiesa locale$9(OLS)http://semarc/title/13891 996 $6260$a[Italia :$bs.n.]$9(OLS)http://semarc/publisher/30058 LEADER 01231nam a2200217 i 4500 001 000000031750 003 CaOOAMICUS 005 20221017125454.0 008 180830s16501673it u000 u lat u 040 $aSeMil$bita 100 1 $aBartoli, Daniello,$c.$0(OLS)http://semarc/name/89705 245 10$aHistoria della Compagnia di Giesł del R.P. Daniello Bartoli della medesima Compagnia. 260 $aIn Roma :$bNella Stamperia del Varese,$c1650-1673. 300 $a6 v. ;$cfol. 500 $aI singoli vol. si presentano con note tipografiche diverse. 650 4$aGesuiti - Storia - Sec. 16.-18.$0(OLS)http://semarc/subject/5032 710 2 $aTipografia di Varese$c.$0(OLS)http://semarc/name/14396 774 0 $aBartoli, Daniello $tDell'Historia della Compagnia di Giesł il Giappone seconda parte dell'Asia descritta dal P. Daniello Bartoli della medesima Compagnia.$dIn Roma : Nella Stamperia d'Ignazio de' Lazzeri, 1660$w()31749 996 $6245$aHistoria della Compagnia di Giesł del R.P. Daniello Bartoli della medesima Compagnia$9(OLS)http://semarc/title/43071 996 $6260$aIn Roma :$bNella Stamperia del Varese$9(OLS)http://semarc/publisher/38992